zpět

Detail výsledku týmu

Knihovna Assen, Ostrava

Datum a čas kvízu

23 Celkem bodů Celkový počet nahraných bodů na tomto kvízu bez doplňovacích otázek.
6. Pořadí na kvízu Konečné umístění týmu na tomto kvízu.

Zaznamenané odpovědi

# Otázka Odpověď Body Výsledky
1. Ústavní soud odmítl stížnost N... Bouzov 0
2. Minulý pátek proběhla ve více... Fridays for Future 0
3. Minulou sobotu začala v areálu... František Kupka 1
4. Minulý týden byla potvrzena fú... Česká pojišťovna, Pojišťovna Generali 0
5. Víkendové fotbalové utkání mez... Na utkání byl opilý rozhodčí. 1
6. V tomto tématu se podíváme na... B 1
5. CHKO Kokořínsko byla v roce 20... Karel Hynek Mácha 1
5. Součástí jedné z nejnavštěvova... Šumava 1
5. Na pomezí Pardubického kraje a... Devět skal 0
5. Jak se nazývá zřícenina gotick... Děvičky 0